<?xml version="1.0" encoding="UTF-8"?>
<record
    xmlns:xsi="http://www.w3.org/2001/XMLSchema-instance"
    xsi:schemaLocation="http://www.loc.gov/MARC21/slim http://www.loc.gov/standards/marcxml/schema/MARC21slim.xsd"
    xmlns="http://www.loc.gov/MARC21/slim">

  <leader>03983cam a2200337 i 4500</leader>
  <controlfield tag="001">a45082627</controlfield>
  <controlfield tag="003">SIRSI</controlfield>
  <controlfield tag="005">20260128121144.0</controlfield>
  <controlfield tag="008">230905t20242024nyua     b    001 0 eng  </controlfield>
  <datafield tag="010" ind1=" " ind2=" ">
    <subfield code="a">  2023041703</subfield>
  </datafield>
  <datafield tag="020" ind1=" " ind2=" ">
    <subfield code="a">9780593493953</subfield>
    <subfield code="q">(hardcover)</subfield>
  </datafield>
  <datafield tag="035" ind1=" " ind2=" ">
    <subfield code="a">(OCoLC)1395536527</subfield>
  </datafield>
  <datafield tag="040" ind1=" " ind2=" ">
    <subfield code="a">DLC</subfield>
    <subfield code="b">eng</subfield>
    <subfield code="e">rda</subfield>
    <subfield code="c">DLC</subfield>
    <subfield code="d">OCLCO</subfield>
    <subfield code="d">PNX</subfield>
    <subfield code="d">OCO</subfield>
    <subfield code="d">OJ4</subfield>
    <subfield code="d">IJ5</subfield>
    <subfield code="d">IMT</subfield>
    <subfield code="d">NMS</subfield>
    <subfield code="d">VRP</subfield>
    <subfield code="d">OCLCO</subfield>
    <subfield code="d">Z#6</subfield>
    <subfield code="d">UtOrBLW</subfield>
  </datafield>
  <datafield tag="041" ind1=" " ind2=" ">
    <subfield code="a">en</subfield>
  </datafield>
  <datafield tag="042" ind1=" " ind2=" ">
    <subfield code="a">pcc</subfield>
  </datafield>
  <datafield tag="050" ind1="0" ind2="0">
    <subfield code="a">BF698.35.N44</subfield>
    <subfield code="b">L64 2024</subfield>
  </datafield>
  <datafield tag="100" ind1=" " ind2=" ">
    <subfield code="a">Loewentheil, Kara,</subfield>
    <subfield code="e">author.</subfield>
    <subfield code="0">http://id.loc.gov/authorities/names/n2023055267</subfield>
    <subfield code="4">http://id.loc.gov/vocabulary/relators/aut</subfield>
    <subfield code="9">26694</subfield>
  </datafield>
  <datafield tag="245" ind1="1" ind2="0">
    <subfield code="a">Take back your brain </subfield>
    <subfield code="b">: how a sexist society gets in your head--and how to get it out </subfield>
    <subfield code="c">/ Kara Loewentheil.</subfield>
  </datafield>
  <datafield tag="264" ind1=" " ind2="1">
    <subfield code="a">New York :</subfield>
    <subfield code="b">Penguin Life,</subfield>
    <subfield code="c">[2024]</subfield>
  </datafield>
  <datafield tag="264" ind1=" " ind2="4">
    <subfield code="c">&#xA9;2024</subfield>
  </datafield>
  <datafield tag="300" ind1=" " ind2=" ">
    <subfield code="a">xxxiv, 286 pages :</subfield>
    <subfield code="b">illustrations ;</subfield>
    <subfield code="c">22 cm</subfield>
  </datafield>
  <datafield tag="504" ind1=" " ind2=" ">
    <subfield code="a">Includes bibliographical references (pages 263-273) and index.</subfield>
  </datafield>
  <datafield tag="505" ind1="0" ind2=" ">
    <subfield code="a">Introduction: Patriarchy, feminism, &amp; your brain &#x2014; Part I: Reclaim your brain. Take back your brain &#x2014; Take back your feelings &#x2014; Take back your thoughts &#x2014; Take back your power &#x2014; Part II: Reclaim your life. Take back your body image &#x2014; Take back your self-esteem &#x2014; Take back your love (&amp; sex!) life &#x2014; Take back your money mindset &#x2014; Take back your time &#x2014; Take back the world.</subfield>
  </datafield>
  <datafield tag="520" ind1=" " ind2=" ">
    <subfield code="a">Your mind is your most powerful tool&#x2014;but what happens when it turns against you?

If you&#x2019;ve ever caught yourself thinking:

&#x201C;I&#x2019;ll never be good enough.&#x201D;

&#x201C;I&#x2019;m too old to find love.&#x201D;

&#x201C;I can&#x2019;t ask for a pay rise&#x2014;they&#x2019;ll think I&#x2019;m greedy.&#x201D;

&#x2026;then you&#x2019;ve already encountered patriarchy&#x2019;s most effective weapon: the inner critic it quietly installs in your mind.

Enter Kara Loewentheil&#x2014;Master Certified Coach, former lawyer, and host of the hugely popular UnFck Your Brain* podcast. In Take Back Your Brain, she explores how society&#x2019;s relentless messages about women&#x2019;s value&#x2014;rooted in appearance, productivity, and caregiving&#x2014;seep into our thinking, leaving many of us anxious, self-doubting, and stuck.

The good news? Your thoughts are not facts. Loewentheil shows readers how to recognise the sexist mental programming running in the background, delete it, and replace it with beliefs that genuinely support their lives.

Drawing on cognitive psychology, feminist theory, and her neuroplasticity-based coaching practice, Loewentheil exposes the subtle ways sexism shapes women&#x2019;s inner worlds. With clarity, warmth, and humour, she makes the process of rewiring your brain practical, achievable&#x2014;and even enjoyable.

Through accessible exercises and powerful insights, readers will learn how to:

Identify and challenge self-critical thoughts rooted in patriarchal conditioning

Build lasting confidence by reshaping unhelpful mental habits

Strengthen personal and professional relationships through healthier self-perception

Experience greater fulfilment and joy by aligning thoughts with their true potential

Loewentheil has been where you are&#x2014;exhausted, self-critical, and trapped in the cycle of &#x201C;never enough&#x201D;. And she knows how to get out.

This book is for you if:

You&#x2019;re ready to stop overthinking every decision and start living with intention

You want confidence that doesn&#x2019;t collapse at the first hint of criticism

You&#x2019;re tired of playing small and know you&#x2019;re capable of more

Take Back Your Brain doesn&#x2019;t just teach you how to think differently&#x2014;it helps you feel differently, act more boldly, and create a life that feels as good as it looks. Discover why Mel Robbins, Tori Dunlap, and many others are recommending this book.</subfield>
  </datafield>
  <datafield tag="650" ind1=" " ind2="0">
    <subfield code="a">Negativism.</subfield>
    <subfield code="9">26695</subfield>
  </datafield>
  <datafield tag="650" ind1=" " ind2="0">
    <subfield code="a">Criticism, Personal.</subfield>
    <subfield code="9">26696</subfield>
  </datafield>
  <datafield tag="650" ind1=" " ind2="0">
    <subfield code="a">Self-esteem in women.</subfield>
    <subfield code="9">26697</subfield>
  </datafield>
  <datafield tag="650" ind1=" " ind2="0">
    <subfield code="a">Self-confidence</subfield>
    <subfield code="9">8845</subfield>
  </datafield>
  <datafield tag="650" ind1=" " ind2="0">
    <subfield code="a">Change (Psychology)</subfield>
    <subfield code="0">http://id.loc.gov/authorities/subjects/sh85022513</subfield>
    <subfield code="9">26698</subfield>
  </datafield>
  <datafield tag="942" ind1=" " ind2=" ">
    <subfield code="2">lcc</subfield>
  </datafield>
  <datafield tag="952" ind1=" " ind2=" ">
    <subfield code="0">0</subfield>
    <subfield code="1">0</subfield>
    <subfield code="2">lcc</subfield>
    <subfield code="4">0</subfield>
    <subfield code="7">0</subfield>
    <subfield code="a">TBS</subfield>
    <subfield code="b">TBS</subfield>
    <subfield code="d">2026-01-28</subfield>
    <subfield code="l">0</subfield>
    <subfield code="o">HQ1206 LOE</subfield>
    <subfield code="r">2026-01-28</subfield>
    <subfield code="t">1</subfield>
    <subfield code="w">2026-01-28</subfield>
    <subfield code="y">1</subfield>
    <subfield code="z">SOON AVAILABLE</subfield>
  </datafield>
  <datafield tag="999" ind1=" " ind2=" ">
    <subfield code="c">5312</subfield>
    <subfield code="d">5312</subfield>
  </datafield>
</record>
